000
00317nam a22001337a 4500
008
230619b xxu||||| |||| 00| 0 eng d
020
_a
8472081311
082
_a
155.90
_b
MEL
100
_c
Dr. Julian Melgosa
245
_a
Less Stress!
260
_a
Spain
_b
Editorial Safeliz
_c
2001
300
_a
189p
942
_2
ddc
_c
BK
999
_c
1186
_d
1186